Metodologías de investigación social. Introducción a los oficios.
Gardado en:
| Autor Principal: | |
|---|---|
| Outros autores: | , , , , , , , , , , , |
| Formato: | Libro |
| Publicado: |
Santiago, Chile:
Lom ediciones,
2006.
|
| Edición: | 1ª ed. |
| Series: | Ciencias Humanas. Investigación Social.
|
| Subjects: | |
| Tags: |
Engadir etiqueta
Sen Etiquetas, Sexa o primeiro en etiquetar este rexistro!
|
MARC
| LEADER | 00000cam a2200000 a 4500 | ||
|---|---|---|---|
| 001 | UCI1893 | ||
| 003 | CL-VaPUC | ||
| 005 | 20240829132321.0 | ||
| 008 | 220707t2006 ||||| |||| 00| 0 eng d | ||
| 999 | |c 326586 |d 326584 | ||
| 020 | |a 956-282-840-9 | ||
| 040 | |c Pontificia Universidad Católica de Valparaíso | ||
| 082 | 0 | 4 | |a 300 CAN 2006 |2 21 |
| 100 | 1 | |a Canales Cerón, Manuel |e coordinador y editor |9 890926 | |
| 245 | 1 | 0 | |a Metodologías de investigación social. |b Introducción a los oficios. |
| 250 | |a 1ª ed. | ||
| 260 | |a Santiago, Chile: |b Lom ediciones, |c 2006. | ||
| 300 | |a 406 páginas. | ||
| 490 | |a Ciencias Humanas. Investigación Social. | ||
| 583 | |a last modification |c 20151203 12:42:58 |k Rodrigo Vera | ||
| 650 | 0 | |a Investigación social |9 307814 | |
| 651 | 7 | |a Chile |2 CL-VaPUC |9 522675 | |
| 700 | |a Arnold, Marcelo |e autor |9 872372 | ||
| 700 | |a Vivanco, Manuel |e autor |9 872373 | ||
| 700 | |a Gaínza, Alvaro |e autor |9 872374 | ||
| 700 | |a Cottet, Pablo |e autor |9 872375 | ||
| 700 | |a Canales, Manuel |e autor |9 872376 | ||
| 700 | |a Rodríguez Villasante, Tomás |e autor |9 872377 | ||
| 700 | |a Ghiso, Alfredo |e autor |9 872378 | ||
| 700 | |a Asún, Rodrigo |e autor |9 872379 | ||
| 700 | |a Jiménes, Juan |e autor |9 872380 | ||
| 700 | |a Márquez, Rodrigo |e autor |9 872381 | ||
| 700 | |a Montecino, Sonia |e autora |9 872382 | ||
| 700 | |a Martinic, Sergio |e autor |9 872383 | ||
| 942 | |c BK |2 ddc | ||
| 945 | |d 20070720 00:00:00 |a castudil | ||
| 952 | |0 0 |1 0 |4 0 |6 300_000000000000000_CAN_2006 |7 0 |8 X |9 408579 |a FDOMLP |b FDOMLP |d 2019-11-22 |i 4354133 |o 300 CAN 2006 |p 4354133 |r 2019-11-22 |w 2019-11-22 |y BK_X |k BU2 | ||
| 952 | |0 0 |1 0 |2 ddc |4 0 |6 300_000000000000000_CAN_2006 |7 0 |8 A |9 408580 |a BIBCUR |b BIBCUR |c GEN |d 2019-11-22 |i 4371801 |o 300 CAN 2006 |p 4371801 |r 2025-04-22 |w 2019-11-22 |y BK |k PER | ||
| 952 | |0 0 |1 0 |4 0 |6 300_000000000000000_CAN_2006 |7 0 |8 X |9 408581 |a FDOMLP |b FDOMLP |d 2019-11-22 |i 4384164 |o 300 CAN 2006 |p 4384164 |r 2019-11-22 |w 2019-11-22 |y BK_X |k BU2 | ||
| 952 | |0 0 |1 0 |4 0 |6 300_000000000000000_CAN_2006 |7 0 |8 A |9 408583 |a BIBHIS |b BIBHIS |d 2019-11-22 |i 4572734 |o 300 CAN 2006 |p 4572734 |r 2025-01-20 |w 2019-11-22 |y BK |k HIS | ||
| 952 | |0 0 |1 0 |4 0 |6 300_000000000000000_CAN_2006 |7 0 |8 A |9 408584 |a BIBHIS |b BIBHIS |d 2019-11-22 |i 4629337 |o 300 CAN 2006 |p 4629337 |r 2025-01-20 |w 2019-11-22 |y BK |k HIS | ||
| 952 | |0 0 |1 0 |4 0 |6 300_000000000000000_CAN_2006 |7 0 |8 A |9 408585 |a BIBCUR |b BIBCUR |d 2019-11-22 |i 4652657 |l 1 |o 300 CAN 2006 |p 4652657 |r 2025-04-22 |s 2023-09-20 |w 2019-11-22 |y BK |k PER | ||
| 952 | |0 0 |1 0 |4 0 |6 300_000000000000000_CAN_2006 |7 0 |8 A |9 408586 |a BIBGIM |b BIBGIM |d 2019-11-22 |i 4894421 |l 2 |o 300 CAN 2006 |p 4894421 |r 2025-01-15 |s 2023-12-14 |w 2019-11-22 |y BK |k SSL | ||
| 952 | |0 0 |1 0 |4 0 |6 300_000000000000000_CAN_2006 |7 0 |8 A |9 408587 |a BIBGIM |b BIBGIM |d 2019-11-22 |i 489443K |o 300 CAN 2006 |p 489443K |r 2025-01-15 |w 2019-11-22 |y BK |k SSL | ||
| 952 | |0 0 |1 0 |4 0 |6 300_000000000000000_CAN_2006 |7 0 |8 A |9 408588 |a BIBGIM |b BIBGIM |d 2019-11-22 |i 4987675 |o 300 CAN 2006 |p 4987675 |r 2025-01-15 |w 2019-11-22 |y BK |k SSL | ||
| 952 | |0 0 |1 0 |3 erb |4 0 |6 300_000000000000000_CAN_2006 |7 0 |8 A |9 408589 |a BIBGIM |b BIBGIM |d 2019-11-22 |i 5009243 |l 1 |o 300 CAN 2006 |p 5009243 |r 2025-01-15 |s 2024-09-11 |w 2019-11-22 |y BK |z Catalogado en:20130906 |k SSL | ||
| 952 | |0 0 |1 0 |3 erb |4 0 |6 300_000000000000000_CAN_2006 |7 0 |8 A |9 408590 |a BIBGIM |b BIBGIM |d 2019-11-22 |i 5009251 |l 1 |o 300 CAN 2006 |p 5009251 |r 2025-01-15 |s 2022-09-27 |w 2019-11-22 |y BK |z Catalogado en:20130906 |k SSL | ||
| 952 | |0 0 |1 0 |3 erb |4 0 |6 300_000000000000000_CAN_2006 |7 0 |8 A |9 408591 |a BIBGIM |b BIBGIM |d 2019-11-22 |i 500926K |o 300 CAN 2006 |p 500926K |r 2025-01-15 |w 2019-11-22 |y BK |z Catalogado en:20130906 |k SSL | ||
| 952 | |0 0 |1 0 |3 erb |4 0 |6 300_000000000000000_CAN_2006 |7 0 |8 A |9 408592 |a BIBGIM |b BIBGIM |d 2019-11-22 |i 5009278 |o 300 CAN 2006 |p 5009278 |r 2025-01-15 |w 2019-11-22 |y BK |z Catalogado en:20130906 |k SSL | ||
| 952 | |0 0 |1 0 |3 erb |4 0 |6 300_000000000000000_CAN_2006 |7 0 |8 A |9 408593 |a BIBING |b BIBING |i 5044995 |l 1 |o 300 CAN 2006 |p 5044995 |r 2025-01-20 |s 2022-08-31 |w 2019-11-22 |y BK |z Catalogado en:20140109 |k GEO | ||
| 952 | |0 0 |1 0 |3 erb |4 0 |6 300_000000000000000_CAN_2006 |7 0 |8 A |9 408594 |a BIBGIM |b BIBGIM |i 5068436 |o 300 CAN 2006 |p 5068436 |r 2025-01-15 |w 2019-11-22 |y BK |z Catalogado en:20140409 |k SSL | ||
| 952 | |0 0 |1 0 |3 erb |4 0 |6 300_000000000000000_CAN_2006 |7 0 |8 A |9 408595 |a BIBGIM |b BIBGIM |i 5068444 |o 300 CAN 2006 |p 5068444 |r 2025-01-15 |w 2019-11-22 |y BK |z Catalogado en:20140409 |k SSL | ||
| 952 | |0 0 |1 0 |3 erb |4 0 |6 300_000000000000000_CAN_2006 |7 0 |8 A |9 408596 |a BIBGIM |b BIBGIM |i 5068452 |l 2 |o 300 CAN 2006 |p 5068452 |r 2025-01-15 |s 2024-09-27 |w 2019-11-22 |y BK |z Catalogado en:20140409 |k SSL | ||
| 952 | |0 0 |1 0 |3 erb |4 0 |6 300_000000000000000_CAN_2006 |7 0 |8 A |9 408597 |a BIBGIM |b BIBGIM |i 5068460 |o 300 CAN 2006 |p 5068460 |r 2025-01-15 |w 2019-11-22 |y BK |z Catalogado en:20140409 |k SSL | ||
| 952 | |0 0 |1 0 |3 erb |4 0 |6 300_000000000000000_CAN_2006 |7 0 |8 A |9 408598 |a BIBGIM |b BIBGIM |i 5135206 |o 300 CAN 2006 |p 5135206 |r 2025-01-15 |w 2019-11-22 |y BK |z Catalogado en:20150115 |k SSL | ||
| 952 | |0 0 |1 0 |3 erb |4 0 |6 300_000000000000000_CAN_2006 |7 0 |8 A |9 408599 |a BIBGIM |b BIBGIM |i 5135192 |o 300 CAN 2006 |p 5135192 |r 2025-01-15 |w 2019-11-22 |y BK |z Catalogado en:20150115 |k SSL | ||
| 952 | |0 0 |1 0 |3 erb |4 0 |6 300_000000000000000_CAN_2006 |7 0 |8 A |9 408600 |a BIBING |b BIBING |i 5143837 |o 300 CAN 2006 |p 5143837 |r 2025-01-20 |w 2019-11-22 |y BK |z Catalogado en:20150402 |k GEO | ||
| 952 | |0 0 |1 0 |3 erb |4 0 |6 300_000000000000000_CAN_2006 |7 0 |8 A |9 408601 |a BIBEDU |b BIBEDU |i 5200075 |o 300 CAN 2006 |p 5200075 |r 2019-11-22 |w 2019-11-22 |y BK |z Catalogado en:20150928 |k PSI | ||
| 952 | |0 0 |1 0 |3 erb |4 0 |6 300_000000000000000_CAN_2006 |7 0 |8 A |9 408602 |a BIBGIM |b BIBGIM |d 2019-11-22 |i 5068479 |o 300 CAN 2006 |p 5068479 |r 2025-01-15 |w 2019-11-22 |y BK |k SSL | ||
| 952 | |0 0 |1 0 |3 erb |4 0 |6 300_000000000000000_CAN_2006 |7 0 |8 A |9 408603 |a BIBGIM |b BIBGIM |i 5263816 |o 300 CAN 2006 |p 5263816 |r 2025-01-15 |w 2019-11-22 |y BK |z Catalogado en:20160121 |k MTS | ||
| 952 | |0 0 |1 0 |3 erb |4 0 |6 300_000000000000000_CAN_2006 |7 0 |8 A |9 408604 |a BIBGIM |b BIBGIM |i 5263824 |o 300 CAN 2006 |p 5263824 |r 2025-01-15 |w 2019-11-22 |y BK |z Catalogado en:20160121 |k MTS | ||
| 952 | |0 0 |1 0 |3 erb |4 0 |6 300_000000000000000_CAN_2006 |7 0 |8 A |9 408605 |a BIBGIM |b BIBGIM |i 5263832 |o 300 CAN 2006 |p 5263832 |r 2025-01-15 |w 2019-11-22 |y BK |z Catalogado en:20160121 |k MTS | ||
| 952 | |0 0 |1 0 |3 erb |4 0 |6 300_000000000000000_CAN_2006 |7 0 |8 A |9 408606 |a BIBCUR |b BIBCUR |i 5335027 |o 300 CAN 2006 |p 5335027 |r 2025-04-22 |w 2019-11-22 |y BK |z Catalogado en:20160807 |k MGC | ||
| 952 | |0 0 |1 0 |3 erb |4 0 |6 300_000000000000000_CAN_2006 |7 0 |8 A |9 408607 |a BIBING |b BIBING |i 547454K |o 300 CAN 2006 |p 547454K |r 2025-01-20 |w 2019-11-22 |y BK |z Catalogado en:20180615 |k GEO | ||
| 952 | |0 0 |1 0 |2 ddc |4 0 |6 300_000000000000000_CAN_2006 |7 0 |8 A |9 584511 |a BIBTEO |b BIBTEO |c GEN |d 2022-07-07 |e 62 |g 13600.00 |i 5652698 |l 1 |o 300 CAN 2006 |p 5652698 |r 2025-01-17 |s 2022-10-17 |t 30 |v 13600.00 |w 2022-07-07 |y BK |k ICR | ||